000 00314nam a22001457a 4500
008 210531b ||||| |||| 00| 0 eng d
020 _a9781454806158
041 _aeng
080 _28th
_a34
082 _a34
100 _a13
101 _aJUR
245 _aThe Torts Process
_cWolters Kluwer
942 _2udc
_cBK
999 _c57829
_d57829